000 00293nam a22001337a 4500
008 170823b xxu||||| |||| 00| 0 eng d
020 _a0387906177
041 _aeng
080 _a51
100 _a38
101 _aMAT
245 _aLECUTRES ON REIMANN SURFACES
_cFORSTER,O
942 _2udc
_cBK
999 _c24720
_d24720